000
00305nam a22001217a 4500
008
160420b xxu||||| |||| 00| 0 eng d
020
_a
9780721603636
020
_a
0721603637
041
_a
eng
080
_a
618.2
245
1
0
_a
Nurse anesthesia:
_c
John J. Nagelhout; Karen L. Zaglaniczny;
942
_2
udc
_c
BK
999
_c
1453
_d
1453